Statistics for Fnaf SL

Click here to take the quiz!

General Stats

  • This quiz has been taken 1,480 times
  • The average score is 7 of 8

Answer Stats

HintAnswer% Correct
CircusBaby
99%
Bonbon
99%
FuntimeFoxy
99%
FuntimeFreddy
99%
Ennard
91%
Ballora
90%
Bidybab
89%
Minireena
83%

Score Distribution

Percentile by Number Answered

Percent of People with Each Score

Your Score History

You have not taken this quiz